আশাপূর্ণ দেবীর গ্রন্থাবলী / (Record no. 47920)
[ view plain ]
| 000 -LEADER | |
|---|---|
| fixed length control field | 01012nam a2200265 a 4500 |
| 001 - CONTROL NUMBER | |
| control field | 47920 |
| 003 - CONTROL NUMBER IDENTIFIER | |
| rucl marc code | BD-RjUL |
| 005 - DATE AND TIME OF LATEST TRANSACTION | |
| control field | 20211209054426.0 |
| 008 - FIXED-LENGTH DATA ELEMENTS--GENERAL INFORMATION | |
| fixed length control field | 160811s1982 ii ||||| |||| 00| 0 ben d |
| 020 ## - INTERNATIONAL STANDARD BOOK NUMBER | |
| Terms of availability | : Tk. 6.50 |
| 035 ## - SYSTEM CONTROL NUMBER | |
| System control number | (BD-RjUL) 48039 |
| 040 ## - CATALOGING SOURCE | |
| Original cataloging agency | BD-RjUL |
| Language of cataloging | ben |
| Transcribing agency | BD-RjUL |
| 041 ## - LANGUAGE CODE | |
| Language code of text/sound track or separate title | ben |
| 082 ## - DEWEY DECIMAL CLASSIFICATION NUMBER | |
| Edition number | 23 |
| Classification number | 891.4408 |
| Author mark and year | DEA 1982 |
| 100 1# - MAIN ENTRY--PERSONAL NAME | |
| Personal name | দেবী, আশাপূর্ণ |
| 9 (RLIN) | 145430 |
| 245 10 - TITLE STATEMENT | |
| Title | আশাপূর্ণ দেবীর গ্রন্থাবলী / |
| 260 ## - PUBLICATION, DISTRIBUTION, ETC. (IMPRINT) | |
| Place of publication, distribution, etc. | কলিকাতা : |
| Name of publisher, distributor, etc. | বসুমতী সাহিত্য মন্দির, |
| Date of publication, distribution, etc. | ১৯৮২ |
| 300 ## - PHYSICAL DESCRIPTION | |
| Pagination | খণ্ড ; |
| Size | ২৪ সেমি. |
| 490 ## - SERIES STATEMENT | |
| Series statement | গ্রন্থাবলী সিরিজ |
| 505 ## - FORMATTED CONTENTS NOTE | |
| Formatted contents note | খণ্ড ১ -- |
| 650 ## - SUBJECT ADDED ENTRY--TOPICAL TERM | |
| Topical term or geographic name as entry element | বাংলা সাহিত্য |
| Form subdivision | সংগৃহীত কাজ |
| 9 (RLIN) | 145415 |
| Topical term or geographic name as entry element | Bengali litterature |
| Form subdivision | Collective work |
| 9 (RLIN) | 145416 |
| 830 ## - SERIES ADDED ENTRY--UNIFORM TITLE | |
| Uniform title | গ্রন্থাবলী সিরিজ |
| 942 ## - ADDED ENTRY ELEMENTS (KOHA) | |
| Source of classification or shelving scheme | Dewey Decimal Classification |
| Koha item type | Books |
| Lost status | Source of classification or shelving scheme | Damaged status | Not for loan | Collection code | Permanent Location | Current Location | Shelving location | Date acquired | Source of acquisition | Cost, normal purchase price | Total Checkouts | Full call number | Date last seen | Date checked out | Copy number | Koha item type |
|---|---|---|---|---|---|---|---|---|---|---|---|---|---|---|---|---|
| Dewey Decimal Classification | Non-fiction | Central Library, University of Rajshahi | Central Library, University of Rajshahi | 20/08/1982 | Aligor Library, Rajshahi | 19.50 | 1 | B 891.4408 DEA Pt.-1 1982 | 04/02/2025 | 19/11/2024 | C-2 | Books | ||||
| Dewey Decimal Classification | Non-fiction | Central Library, University of Rajshahi | Central Library, University of Rajshahi | 20/08/1982 | Aligor Library, Rajshahi | 19.50 | B 891.4408 DEA Pt.-1 1982 | 11/08/2016 | C-3 | Books | ||||||
| Dewey Decimal Classification | Non-fiction | Central Library, University of Rajshahi | Central Library, University of Rajshahi | 20/08/1982 | Aligor Library, Rajshahi | 19.50 | B 891.4408 DEA Pt.-1 1982 | 11/08/2016 | C-4 | Books |